Alalakh and chronology / (Record no. 50305)
[ view plain ]
| 000 -LEADER | |
|---|---|
| fixed length control field | 01078cam a22002771 4500 |
| 001 - CONTROL NUMBER | |
| control field | 9253682 |
| 005 - DATE AND TIME OF LATEST TRANSACTION | |
| control field | 20210924114028.0 |
| 008 - FIXED-LENGTH DATA ELEMENTS--GENERAL INFORMATION | |
| fixed length control field | 770318s1940 enka b 000 0 eng c |
| 010 ## - LIBRARY OF CONGRESS CONTROL NUMBER | |
| LC control number | a 41000200 |
| 035 ## - SYSTEM CONTROL NUMBER | |
| System control number | (OCoLC)2814458 |
| 040 ## - CATALOGING SOURCE | |
| Original cataloging agency | Harvard Univ. Library |
| Transcribing agency | TNJ |
| Modifying agency | OCoLC |
| -- | DLC |
| 042 ## - AUTHENTICATION CODE | |
| Authentication code | premarc |
| 100 1# - MAIN ENTRY--PERSONAL NAME | |
| Personal name | Smith, Sidney, |
| Dates associated with a name | 1889- |
| 245 10 - TITLE STATEMENT | |
| Title | Alalakh and chronology / |
| Statement of responsibility, etc | by Sidney Smith. |
| 260 ## - PUBLICATION, DISTRIBUTION, ETC. (IMPRINT) | |
| Place of publication, distribution, etc | London : |
| Name of publisher, distributor, etc | Luzac and Company, |
| Date of publication, distribution, etc | 1940. |
| 300 ## - PHYSICAL DESCRIPTION | |
| Extent | iv, 52 p. : |
| Other physical details | incl. tables ; |
| Dimensions | 24 cm. |
| 336 ## - CONTENT TYPE | |
| Content Type Term | text |
| 337 ## - MEDIA TYPE | |
| Media Type Term | unmediated |
| 338 ## - CARRIER TYPE | |
| Carrier Type Term | volume |
| 500 ## - GENERAL NOTE | |
| General note | "I have ... thought it right to have this pamphlet printed, in order that the reasons which have led me to believe that a drastic revision of modern views of Babylonian chronology is necessary may be available at least in summary form."--Prefatory note. |
| 504 ## - BIBLIOGRAPHY, ETC. NOTE | |
| Bibliography, etc | Bibliographical foot-notes. "List of abbreviations": p. iv. |
| 650 #0 - SUBJECT ADDED ENTRY--TOPICAL TERM | |
| Topical term or geographic name as entry element | Chronology, Assyro-Babylonian. |
| 651 #0 - SUBJECT ADDED ENTRY--GEOGRAPHIC NAME | |
| Geographic name | Babylonia |
| General subdivision | History. |
| 906 ## - LOCAL DATA ELEMENT F, LDF (RLIN) | |
| a | 7 |
| b | cbc |
| c | oclcrpl |
| d | u |
| e | ncip |
| f | 19 |
| g | y-gencatlg |
| 942 ## - ADDED ENTRY ELEMENTS (KOHA) | |
| Source of classification or shelving scheme | Library of Congress Classification |
| Item type | Books |
| Withdrawn status | Lost status | Source of classification or shelving scheme | Damaged status | Not for loan | Home library | Current library | Shelving location | Date acquired | Source of acquisition | Inventory number | Total Checkouts | Full call number | Barcode | Date last seen | Price effective from | Koha item type |
|---|---|---|---|---|---|---|---|---|---|---|---|---|---|---|---|---|
| Library of Congress Classification | BSOP Library | BSOP Library | David Weisberg Collection | 09/24/2021 | Donated by Dr. David and Oprah Weisberg | 46942 | REF CE33 Sm4 1940 | 00058672 | 09/24/2021 | 09/24/2021 | Books |
